[Event "EU-ch qual Online"]
[Site "Tornelo INT"]
[Date "2020.12.18"]
[Round "8"]
[White "Owczarzak, Jerzy"]
[Black "Buksa, Nataliya"]
[Result "1-0"]
[WhiteElo "2326"]
[BlackElo "2413"]
[PlyCount "55"]
[EventDate "2020.12.18"]
[EventType "swiss"]
[EventRounds "11"]
[EventCountry "POL"]
[SourceTitle "CBM 199 Extra"]
[Source "ChessBase"]
[SourceDate "2021.01.31"]
[SourceVersion "1"]
[SourceVersionDate "2021.01.31"]
[SourceQuality "1"]

1. b4 g6 2. Bb2 Nf6 3. Nf3 Bg7 4. e3 d5 5. c4 c6 6. cxd5 cxd5 7. Be2 0-0 8. 0-0 Bf5 9. h3 Nc6 10. b5 Na5 11. d3 b6 12. Nbd2 Rc8 13. Nb3 Qd7 14. Nxa5 bxa5 15. a4 Bxh3 16. Ne5 Qe6 17. gxh3 Qxh3 18. Bf3 h5 19. Bg2 Qh4 20. Qd2 Ng4 21. Nf3 Bxb2 22. Nxh4 Bc3 23. Qa2 Bxa1 24. Qxa1 Rc2 25. Bxd5 Rd8 26. Nxg6 e5 27. e4 Rdc8 28. Ne7+ 1-0

[Event "Mazowiec-chT 1516"]
[Site "Poland"]
[Date "2015.12.13"]
[Round "1.1"]
[White "Owczarzak, Jerzy"]
[Black "Chomczyk, Marek"]
[Result "1/2-1/2"]
[WhiteElo "2328"]
[BlackElo "2257"]
[PlyCount "55"]
[EventDate "2015.12.13"]
[EventType "team-tourn"]
[EventRounds "7"]
[EventCountry "POL"]
[SourceTitle "EXT 2019"]
[Source "ChessBase"]
[SourceDate "2018.10.10"]
[SourceVersion "1"]
[SourceVersionDate "2018.10.10"]
[SourceQuality "1"]
[WhiteTeam "Warszawa Polonia"]
[BlackTeam "Warszawa Polonia II"]
[WhiteTeamCountry "POL"]
[BlackTeamCountry "POL"]

1. e4 e5 2. Nf3 Nc6 3. Nc3 Nf6 4. Bb5 Nd4 5. Nxd4 exd4 6. e5 dxc3 7. exf6 Qxf6 8. dxc3 c6 9. Bd3 d5 10. 0-0 Bc5 11. Qh5 h6 12. Be3 g6 13. Qe2 Bxe3 14. Qxe3+ Kf8 15. Rae1 Kg7 16. f4 Bd7 17. Qd4 Qxd4+ 18. cxd4 Rhe8 19. Kf2 b6 20. Re5 f6 21. Rxe8 Rxe8 22. Re1 Rxe1 23. Kxe1 c5 24. c3 g5 25. dxc5 bxc5 26. Kf2 a5 27. Ke3 Kf7 28. g3 1/2-1/2

[Event "EU-ch rapid"]
[Site "Wroclaw"]
[Date "2014.12.20"]
[Round "3"]
[White "Owczarzak, Jerzy"]
[Black "Edouard, Romain"]
[Result "0-1"]
[WhiteElo "2328"]
[BlackElo "2659"]
[PlyCount "60"]
[EventDate "2014.12.20"]
[EventType "swiss (rapid)"]
[EventRounds "11"]
[EventCountry "POL"]
[SourceTitle "CBM 164 Extra"]
[Source "ChessBase"]
[SourceDate "2015.03.02"]
[SourceVersion "1"]
[SourceVersionDate "2015.03.02"]
[SourceQuality "1"]

1. e4 e6 2. d4 d5 3. exd5 exd5 4. Bd3 Nc6 5. Ne2 Bd6 6. Nbc3 Nge7 7. Nb5 Bb4+ 8. c3 Ba5 9. a4 Bb6 10. 0-0 0-0 11. Bf4 a6 12. Na3 Bf5 13. Nc2 Qd7 14. Ne3 Bxd3 15. Qxd3 Nd8 16. h3 c6 17. a5 Bc7 18. b4 Ne6 19. Bxc7 Qxc7 20. f4 f5 21. g3 Rf6 22. Kh2 Raf8 23. Rad1 Kh8 24. Rd2 g5 25. c4 gxf4 26. Nxf4 Nxf4 27. Rxf4 dxc4 28. Qxc4 Ng6 29. Rf3 f4 30. Nd5 Qf7 0-1

[Event "Polanica Zdroj op-A 45th"]
[Site "Polanica Zdroj"]
[Date "2009.08.25"]
[Round "8"]
[White "Owczarzak, Jerzy"]
[Black "Jaworski, Miroslaw"]
[Result "1/2-1/2"]
[WhiteElo "2328"]
[BlackElo "2363"]
[PlyCount "131"]
[EventDate "2009.08.18"]
[EventType "swiss"]
[EventRounds "10"]
[EventCountry "POL"]
[SourceTitle "CBM 131 Extra"]
[Source "ChessBase"]
[SourceDate "2009.09.03"]
[SourceVersion "2"]
[SourceVersionDate "2009.09.16"]
[SourceQuality "1"]

1. e4 c5 2. Nf3 d6 3. d4 cxd4 4. Nxd4 Nf6 5. Nc3 a6 6. Be3 e5 7. Nb3 Be6 8. f3 Be7 9. Qd2 0-0 10. 0-0-0 a5 11. Bb5 Na6 12. Qe2 Qb8 13. Kb1 Nc7 14. a4 Rc8 15. Bd3 d5 16. exd5 Ncxd5 17. Nxd5 Nxd5 18. Be4 Nb4 19. Qb5 f5 20. Bxb7 Bc4 21. Qb6 Bd8 22. Rxd8+ Rxd8 23. Bxa8 Qxa8 24. Qxa5 Nd5 25. Qxa8 Rxa8 26. Bd2 Rxa4 27. Re1 e4 28. Nc5 Ba2+ 29. Ka1 Rc4 30. Kxa2 Rxc5 31. Kb3 exf3 32. gxf3 Nb6 33. c3 Rb5+ 34. Kc2 Nc4 35. b4 Rb7 36. Bf4 Kf7 37. Kb3 Na5+ 38. Ka4 Nc4 39. Re2 h6 40. h4 Kg6 41. Re6+ Kf7 42. Rc6 Nb6+ 43. Ka5 Nd5 44. Be5 Ra7+ 45. Kb5 Re7 46. f4 g5 47. c4 gxf4 48. cxd5 Rxe5 49. Rc4 Rxd5+ 50. Kc6 Rd1 51. Rxf4 Ke6 52. b5 Rc1+ 53. Kb7 Ke5 54. Rb4 f4 55. b6 f3 56. Rb2 Kf4 57. Ka7 Ra1+ 58. Kb8 Kg3 59. b7 Rc1 60. Ka8 Ra1+ 61. Kb8 f2 62. Kc8 Rc1+ 63. Kd7 Rd1+ 64. Ke7 Re1+ 65. Kd7 Rd1+ 66. Ke7 1/2-1/2

[Event "POL-chT 1st League"]
[Site "Ustron"]
[Date "2008.09.14"]
[Round "9"]
[White "Przewoznik, Jan"]
[Black "Owczarzak, Jerzy"]
[Result "1/2-1/2"]
[WhiteElo "2390"]
[BlackElo "2343"]
[PlyCount "47"]
[EventDate "2008.09.06"]
[EventType "team-tourn"]
[EventRounds "9"]
[EventCountry "POL"]
[SourceTitle "CBM 126 Extra"]
[Source "ChessBase"]
[SourceDate "2008.11.05"]
[SourceVersion "1"]
[SourceVersionDate "2008.11.05"]
[SourceQuality "1"]
[WhiteTeam "Gorzow Wielkopolski Stilon"]
[BlackTeam "Poznan Pocztowiec"]
[WhiteTeamCountry "POL"]
[BlackTeamCountry "POL"]

1. Nf3 Nf6 2. c4 g6 3. Nc3 d5 4. cxd5 Nxd5 5. e4 Nxc3 6. dxc3 Qxd1+ 7. Kxd1 f6 8. Be3 e5 9. Bc4 Nd7 10. Kc2 Nc5 11. Nd2 Bd7 12. Rhd1 Bd6 13. f3 Ke7 14. Bf1 Ne6 15. Nc4 Bc5 16. Bxc5+ Nxc5 17. Ne3 c6 18. Rd2 Rad8 19. Rad1 Be6 20. Bc4 Rxd2+ 21. Rxd2 Rd8 22. Rxd8 Kxd8 23. Bxe6 Nxe6 24. b4 1/2-1/2

[Event "POL-chT 1st League"]
[Site "Ustron"]
[Date "2008.09.06"]
[Round "1"]
[White "Owczarzak, Jerzy"]
[Black "Dudzinski, Pawel"]
[Result "1/2-1/2"]
[WhiteElo "2343"]
[BlackElo "2237"]
[PlyCount "67"]
[EventDate "2008.09.06"]
[EventType "team-tourn"]
[EventRounds "9"]
[EventCountry "POL"]
[SourceTitle "CBM 126 Extra"]
[Source "ChessBase"]
[SourceDate "2008.11.05"]
[SourceVersion "1"]
[SourceVersionDate "2008.11.05"]
[SourceQuality "1"]
[WhiteTeam "Poznan Pocztowiec"]
[BlackTeam "Ostrow Wielkopolski U19"]
[WhiteTeamCountry "POL"]
[BlackTeamCountry "POL"]

1. e4 c6 2. d4 d5 3. Nc3 g6 4. h3 Bg7 5. Nf3 Nh6 6. Bf4 dxe4 7. Nxe4 Nf5 8. c3 0-0 9. Bd3 Nd7 10. 0-0 Nf6 11. Re1 Nxe4 12. Rxe4 Be6 13. Be5 Bd5 14. Bxg7 Kxg7 15. Re1 Bxf3 16. Qxf3 e6 17. Re5 Qf6 18. b4 Ne7 19. Qd1 Rfd8 20. g3 Rd5 21. Qe2 a5 22. Rb1 axb4 23. Rxb4 c5 24. Rxb7 cxd4 25. cxd4 Nc6 26. Rxd5 exd5 27. Rd7 Nxd4 28. Qe3 Rxa2 29. Rxd5 Ra1+ 30. Kg2 Nf3 31. Bf1 Ne1+ 32. Kg1 Nf3+ 33. Kg2 Ne1+ 34. Kg1 1/2-1/2

[Event "Warsaw Najdorf Memorial op-A"]
[Site "Warsaw"]
[Date "2008.08.10"]
[Round "9"]
[White "Kukawski, Maciej"]
[Black "Owczarzak, Jerzy"]
[Result "1-0"]
[WhiteElo "2253"]
[BlackElo "2343"]
[PlyCount "77"]
[EventDate "2008.08.02"]
[EventType "swiss"]
[EventRounds "9"]
[EventCountry "POL"]
[SourceTitle "CBM 125 Extra"]
[Source "ChessBase"]
[SourceDate "2008.09.01"]
[SourceVersion "1"]
[SourceVersionDate "2008.09.01"]
[SourceQuality "1"]

1. e4 e6 2. b3 d5 3. Bb2 dxe4 4. Nc3 Nf6 5. Qe2 Bb4 6. 0-0-0 Qe7 7. Kb1 Bxc3 8. dxc3 e5 9. h3 Bd7 10. g4 h6 11. Bg2 Bc6 12. c4 Nbd7 13. Qe3 0-0 14. Ne2 Rfe8 15. Ng3 Nf8 16. g5 hxg5 17. Qxg5 N6h7 18. Qe3 Qg5 19. Qe2 Ng6 20. h4 Qe7 21. Bxe4 Nf4 22. Qf3 Bxe4 23. Nxe4 b6 24. Rdg1 f5 25. Ng3 Qf6 26. Re1 Rad8 27. Bxe5 Rxe5 28. Qxf4 Rde8 29. Rxe5 Rxe5 30. Rg1 Qe6 31. Qd2 Nf6 32. f4 Rc5 33. Re1 Ne4 34. Nxe4 fxe4 35. Qd4 Rh5 36. Rxe4 Qf6 37. Re8+ Kh7 38. Qd3+ Qf5 39. Re5 1-0

[Event "Warsaw Najdorf Memorial op-A"]
[Site "Warsaw"]
[Date "2008.08.09"]
[Round "8"]
[White "Owczarzak, Jerzy"]
[Black "Wcislo, Damian"]
[Result "1-0"]
[WhiteElo "2343"]
[BlackElo "2216"]
[PlyCount "63"]
[EventDate "2008.08.02"]
[EventType "swiss"]
[EventRounds "9"]
[EventCountry "POL"]
[SourceTitle "CBM 125 Extra"]
[Source "ChessBase"]
[SourceDate "2008.09.01"]
[SourceVersion "1"]
[SourceVersionDate "2008.09.01"]
[SourceQuality "1"]

1. e4 c5 2. Nf3 Nc6 3. d4 cxd4 4. Nxd4 Nf6 5. Nc3 d6 6. Bg5 e6 7. Qd2 a6 8. 0-0-0 Bd7 9. f4 b5 10. Bxf6 gxf6 11. Kb1 b4 12. Nce2 Qb6 13. Nxc6 Bxc6 14. f5 e5 15. Ng3 Qc5 16. h4 h5 17. Qe2 Ke7 18. Nxh5 Bh6 19. Rh3 Bb5 20. Qf3 Rhc8 21. Bd3 a5 22. g4 a4 23. g5 b3 24. Rh2 bxa2+ 25. Kxa2 Bc4+ 26. Bxc4 Qxc4+ 27. Ka1 Rab8 28. Nxf6 Rb3 29. cxb3 axb3 30. Nd5+ Ke8 31. Kb1 Bf8 32. Qd3 1-0

[Event "Warsaw AIG Life rapid 7th"]
[Site "Warsaw"]
[Date "2007.12.16"]
[Round "12"]
[White "Lada, Marek"]
[Black "Owczarzak, Jerzy"]
[Result "0-1"]
[WhiteElo "2226"]
[BlackElo "2349"]
[PlyCount "86"]
[EventDate "2007.12.15"]
[EventType "swiss (rapid)"]
[EventRounds "13"]
[EventCountry "POL"]
[SourceTitle "CBM 121 Extra"]
[Source "ChessBase"]
[SourceDate "2008.01.10"]
[SourceVersion "1"]
[SourceVersionDate "2008.01.10"]
[SourceQuality "1"]

1. d4 b5 2. Nf3 Bb7 3. e3 a6 4. c4 bxc4 5. Bxc4 e6 6. 0-0 Nf6 7. Nc3 d5 8. Bd3 c5 9. dxc5 Bxc5 10. b3 0-0 11. Bb2 Nbd7 12. Na4 Bd6 13. Rc1 e5 14. Bf5 g6 15. Bh3 Qe7 16. Qe2 h5 17. g3 Ng4 18. Rfd1 f5 19. Bg2 e4 20. Nd4 Nge5 21. Ba1 h4 22. Rc2 Kf7 23. f4 exf3 24. Nxf3 hxg3 25. h3 Rad8 26. Rcd2 Nf6 27. Ng5+ Kg8 28. Nb6 Ne4 29. Nxe4 dxe4 30. Nd5 Bxd5 31. Rxd5 Nd3 32. R1xd3 exd3 33. Qb2 Qxe3+ 34. Kf1 Qf4+ 35. Kg1 Qf2+ 36. Qxf2 gxf2+ 37. Kxf2 Bf4 38. Ke1 Kh7 39. Bc3 Rxd5 40. Bxd5 d2+ 41. Kd1 Re8 42. Bf3 Re1+ 43. Kc2 Rc1+ 0-1

[Event "Warsaw AIG Life rapid 7th"]
[Site "Warsaw"]
[Date "2007.12.15"]
[Round "4"]
[White "Owczarzak, Jerzy"]
[Black "Gdanski, Jacek"]
[Result "1/2-1/2"]
[WhiteElo "2349"]
[BlackElo "2504"]
[PlyCount "73"]
[EventDate "2007.12.15"]
[EventType "swiss (rapid)"]
[EventRounds "13"]
[EventCountry "POL"]
[SourceTitle "CBM 121 Extra"]
[Source "ChessBase"]
[SourceDate "2008.01.10"]
[SourceVersion "1"]
[SourceVersionDate "2008.01.10"]
[SourceQuality "1"]

1. e4 e6 2. d4 d5 3. Nc3 Bb4 4. Nge2 dxe4 5. a3 Bxc3+ 6. Nxc3 Nc6 7. Bb5 Nge7 8. Bg5 f6 9. Be3 0-0 10. Qd2 e5 11. dxe5 Qxd2+ 12. Bxd2 Nxe5 13. Nxe4 Bf5 14. f3 a6 15. Be2 N7c6 16. 0-0-0 Nd4 17. Rhe1 Bxe4 18. fxe4 Nxe2+ 19. Rxe2 Rf7 20. Bc3 Ng6 21. Red2 Re8 22. Rd8 Rfe7 23. Rxe8+ Rxe8 24. Rd7 Rxe4 25. Rxc7 Re7 26. Rxe7 Nxe7 27. Kd2 Kf7 28. Kd3 Ke6 29. Kc4 Nf5 30. Kc5 Kd7 31. Bd2 Nh4 32. g4 Nf3 33. Bf4 Ne1 34. Bd2 Nf3 35. Bf4 Ne1 36. Bd2 Nf3 37. Bf4 1/2-1/2

[Event "POL-ch sf"]
[Site "Chotowa"]
[Date "2007.11.09"]
[Round "7.6"]
[White "Bobula, Mateusz"]
[Black "Owczarzak, Jerzy"]
[Result "1/2-1/2"]
[WhiteElo "2423"]
[BlackElo "2349"]
[PlyCount "79"]
[EventDate "2007.11.03"]
[EventType "swiss"]
[EventRounds "9"]
[EventCountry "POL"]
[SourceTitle "EXT 2023"]
[Source "ChessBase"]
[SourceDate "2022.10.05"]
[SourceVersion "1"]
[SourceVersionDate "2022.10.05"]
[SourceQuality "1"]

1. d4 Nf6 2. c4 g6 3. Nf3 Bg7 4. g3 d5 5. cxd5 Nxd5 6. Bg2 0-0 7. 0-0 Nb6 8. Nc3 Nc6 9. e3 Re8 10. d5 Na5 11. Nd4 Bd7 12. e4 Rc8 13. Bf4 c5 14. Nde2 e5 15. dxe6 fxe6 16. Qc1 e5 17. Bg5 Bf6 18. Bxf6 Qxf6 19. Nd5 Nxd5 20. exd5 Bb5 21. Qc2 Nc4 22. d6 Nxd6 23. Bxb7 Bxe2 24. Bd5+ Kg7 25. Qxe2 Nf5 26. Be4 Nd4 27. Qd3 c4 28. Qa3 Qb6 29. Kg2 Rc5 30. h4 h5 31. Qe3 Rb5 32. Rac1 Rxb2 33. Rxc4 Re7 34. Qa3 Rf7 35. Bd5 Ne6 36. Bf3 Nd4 37. Bd5 Ne6 38. Bf3 Nd4 39. Be4 Ne6 40. Bf3 1/2-1/2

[Event "POL-ch sf"]
[Site "Chotowa"]
[Date "2007.11.06"]
[Round "4"]
[White "Owczarzak, Jerzy"]
[Black "Fistek, Dariusz"]
[Result "1/2-1/2"]
[WhiteElo "2389"]
[BlackElo "2167"]
[PlyCount "43"]
[EventDate "2007.11.03"]
[EventType "swiss"]
[EventRounds "9"]
[EventCountry "POL"]
[SourceTitle "EXT 2010"]
[Source "ChessBase"]
[SourceDate "2010.11.25"]
[SourceVersion "1"]
[SourceVersionDate "2010.11.25"]
[SourceQuality "1"]

1. e4 c5 2. Nf3 d6 3. d4 cxd4 4. Nxd4 Nf6 5. Nc3 Nc6 6. Bg5 e6 7. Qd2 a6 8. 0-0-0 Bd7 9. f4 h6 10. Bh4 g5 11. fxg5 Ng4 12. Be2 Nge5 13. Nxc6 Bxc6 14. g3 Ng6 15. Rdf1 Be7 16. gxh6 Nxh4 17. gxh4 Bf8 18. Qd4 Rxh6 19. Rhg1 Qxh4 20. Rg8 Qe7 21. Qf2 Rh7 22. Kb1 1/2-1/2

[Event "POL-chT 63rd"]
[Site "Ustron"]
[Date "2007.09.09"]
[Round "9"]
[White "Owczarzak, Jerzy"]
[Black "Matlak, Marek"]
[Result "1/2-1/2"]
[WhiteElo "2389"]
[BlackElo "2485"]
[PlyCount "47"]
[EventDate "2007.09.01"]
[EventType "team-tourn"]
[EventRounds "9"]
[EventCountry "POL"]
[SourceTitle "EXT 2019"]
[Source "ChessBase"]
[SourceDate "2018.10.10"]
[SourceVersion "1"]
[SourceVersionDate "2018.10.10"]
[SourceQuality "1"]
[WhiteTeam "Poznan Pocztowiec"]
[BlackTeam "Jaworzno JKSz MCKiS"]
[WhiteTeamCountry "POL"]
[BlackTeamCountry "POL"]

1. e4 e6 2. d4 d5 3. Nd2 Nf6 4. e5 Nfd7 5. Bd3 c5 6. c3 Nc6 7. Ne2 Qb6 8. Nf3 f6 9. exf6 Nxf6 10. 0-0 Bd6 11. b3 0-0 12. Bf4 Bxf4 13. Nxf4 Qc7 14. g3 e5 15. dxe5 Nxe5 16. Nxe5 Qxe5 17. Re1 Qxc3 18. Nxd5 Nxd5 19. Bxh7+ Kxh7 20. Qh5+ Kg8 21. Qxd5+ Kh8 22. Qh5+ Kg8 23. Qd5+ Kh8 24. Qh5+ 1/2-1/2

[Event "Poznan op 16th"]
[Site "Poznan"]
[Date "2007.07.27"]
[Round "7"]
[White "Fistek, Dariusz"]
[Black "Owczarzak, Jerzy"]
[Result "1/2-1/2"]
[WhiteElo "2167"]
[BlackElo "2389"]
[PlyCount "29"]
[EventDate "2007.07.21"]
[EventType "swiss"]
[EventRounds "9"]
[EventCountry "POL"]
[SourceTitle "EXT 2010"]
[Source "ChessBase"]
[SourceDate "2010.11.25"]
[SourceVersion "1"]
[SourceVersionDate "2010.11.25"]
[SourceQuality "1"]

1. d4 b5 2. c3 e6 3. e4 Bb7 4. Nd2 a6 5. Ngf3 c5 6. a4 b4 7. cxb4 cxb4 8. Bd3 Nf6 9. e5 Nd5 10. Ne4 f5 11. exf6 Nxf6 12. Nxf6+ Qxf6 13. Be2 Bd6 14. Bg5 Qf5 15. Qd2 1/2-1/2

[Event "Poznan op 16th"]
[Site "Poznan"]
[Date "2007.07.25"]
[Round "5"]
[White "Plukkel, Sjoerd"]
[Black "Owczarzak, Jerzy"]
[Result "0-1"]
[WhiteElo "2179"]
[BlackElo "2389"]
[PlyCount "108"]
[EventDate "2007.07.21"]
[EventType "swiss"]
[EventRounds "9"]
[EventCountry "POL"]
[SourceTitle "EXT 2010"]
[Source "ChessBase"]
[SourceDate "2010.11.25"]
[SourceVersion "1"]
[SourceVersionDate "2010.11.25"]
[SourceQuality "1"]

1. e4 e6 2. d4 d5 3. e5 c5 4. c3 Qb6 5. Nf3 Nc6 6. a3 c4 7. g3 Na5 8. Nbd2 Bd7 9. Bh3 f5 10. Ng5 Ne7 11. f4 h6 12. Ngf3 0-0-0 13. 0-0 Rg8 14. Ne1 g5 15. Kh1 Ng6 16. Rb1 g4 17. Bg2 Nb3 18. Nc2 Ba4 19. Ne3 Nxd2 20. Qxd2 h5 21. Qe2 h4 22. Bxd5 Rxd5 23. Nxd5 Qc6 24. Qg2 h3 25. Ne7+ Nxe7 26. Qxc6+ Bxc6+ 27. Kg1 Be4 28. Ra1 Nd5 29. Bd2 Rg7 30. Kf2 Rc7 31. Ra2 Rc6 32. Rg1 Rb6 33. Rc1 Rb3 34. Re1 Be7 35. Rc1 a5 36. Re1 Bd3 37. Rc1 b5 38. Rca1 Kb7 39. Ke1 Bd8 40. Kd1 Nb6 41. Be1 Na4 42. Kc1 Kc6 43. Bf2 Be7 44. Be3 Kd5 45. Bf2 Ke4 46. Bg1 Bf8 47. Bf2 Kf3 48. Bg1 Ke2 49. d5 exd5 50. e6 Be7 51. Bd4 Be4 52. Bg1 Nc5 53. a4 Nd3+ 54. Kc2 Nxf4+ 0-1

[Event "Police Gniota Memorial 22nd"]
[Site "Police"]
[Date "2007.07.17"]
[Round "7"]
[White "Sopur, Lech"]
[Black "Owczarzak, Jerzy"]
[Result "1-0"]
[WhiteElo "2389"]
[BlackElo "2389"]
[PlyCount "119"]
[EventDate "2007.07.11"]
[EventType "swiss"]
[EventRounds "9"]
[EventCountry "POL"]
[SourceTitle "CBM 119 Extra"]
[Source "ChessBase"]
[SourceDate "2007.09.04"]
[SourceVersion "1"]
[SourceVersionDate "2007.09.04"]
[SourceQuality "1"]

1. b3 e5 2. Bb2 d6 3. c4 Nf6 4. Nc3 g6 5. g3 Bg7 6. Bg2 0-0 7. Nf3 Re8 8. 0-0 c5 9. d3 Nc6 10. Nd2 Be6 11. Nde4 a6 12. a3 Rb8 13. Rb1 Nh5 14. Ba1 f5 15. Nd2 Qd7 16. b4 cxb4 17. axb4 b5 18. Nd5 Nf6 19. Qb3 Rec8 20. Rfc1 bxc4 21. Qxc4 Ne7 22. Nxe7+ Qxe7 23. Qxa6 Rxc1+ 24. Rxc1 Rxb4 25. Qa3 Rb5 26. Bc6 Rc5 27. Rxc5 dxc5 28. Bxe5 Ng4 29. Bxg7 Kxg7 30. d4 Qd6 31. Qxc5 Qxc5 32. dxc5 Kf6 33. Bb7 Ne5 34. Nf3 Nd7 35. c6 Nc5 36. Nd4 Ke5 37. Nxe6 Nxe6 38. Bc8 Nc7 39. g4 f4 40. g5 Nb5 41. Bg4 Kd6 42. Bf3 Nd4 43. Kg2 Ne6 44. h4 Ke5 45. Bg4 Nc7 46. Kf3 Nd5 47. Bd7 Kd6 48. Ke4 Nc3+ 49. Kd3 Nb5 50. f3 Nc7 51. Kc4 Nd5 52. Be8 Ne7 53. Kd4 Nf5+ 54. Ke4 Ng3+ 55. Kxf4 Nxe2+ 56. Kg4 Nd4 57. f4 Nf5 58. h5 Ne7 59. Bxg6 Nxc6 60. Bxh7 1-0

[Event "Police Gniota Memorial 22nd"]
[Site "Police"]
[Date "2007.07.12"]
[Round "2"]
[White "Owczarzak, Jerzy"]
[Black "Malaniuk, Vladimir P"]
[Result "0-1"]
[WhiteElo "2389"]
[BlackElo "2522"]
[PlyCount "52"]
[EventDate "2007.07.11"]
[EventType "swiss"]
[EventRounds "9"]
[EventCountry "POL"]
[SourceTitle "CBM 119 Extra"]
[Source "ChessBase"]
[SourceDate "2007.09.04"]
[SourceVersion "1"]
[SourceVersionDate "2007.09.04"]
[SourceQuality "1"]

1. e4 e5 2. Nf3 Nc6 3. Bc4 Nf6 4. Ng5 d5 5. exd5 Na5 6. Bb5+ c6 7. dxc6 bxc6 8. Qf3 Rb8 9. Bd3 Bd6 10. Bf5 h6 11. Bxc8 hxg5 12. Bf5 g6 13. Be4 g4 14. Qe2 Nxe4 15. Qxe4 f5 16. Qe2 Rb7 17. d4 Kf7 18. dxe5 Bxe5 19. c3 Re7 20. Be3 f4 21. Nd2 fxe3 22. fxe3 Kg7 23. 0-0-0 Qb6 24. Kc2 Rb8 25. Rb1 Qc5 26. Qxg4 Rxb2+ 0-1

[Event "Perla Baltyku op-A 3rd"]
[Site "Mielno"]
[Date "2007.06.19"]
[Round "2"]
[White "Kanarek, Marcel"]
[Black "Owczarzak, Jerzy"]
[Result "1/2-1/2"]
[WhiteElo "2225"]
[BlackElo "2389"]
[PlyCount "46"]
[EventDate "2007.06.18"]
[EventType "swiss"]
[EventRounds "9"]
[EventCountry "POL"]
[SourceTitle "CBM 119 Extra"]
[Source "ChessBase"]
[SourceDate "2007.09.04"]
[SourceVersion "1"]
[SourceVersionDate "2007.09.04"]
[SourceQuality "1"]

1. c4 Nf6 2. d4 g6 3. Nc3 d5 4. cxd5 Nxd5 5. e4 Nxc3 6. bxc3 Bg7 7. Qa4+ Qd7 8. Qb3 0-0 9. Nf3 b6 10. Be3 Bb7 11. Bd3 c5 12. 0-0 cxd4 13. cxd4 Nc6 14. Rad1 Na5 15. Qb1 Rac8 16. Rc1 Rxc1 17. Rxc1 Rc8 18. h4 Rxc1+ 19. Qxc1 Qc8 20. Qf1 Qg4 21. Qc1 Qc8 22. Qf1 Qg4 23. Qc1 Qc8 1/2-1/2

[Event "Lasker Memorial op-A 15th"]
[Site "Barlinek"]
[Date "2007.06.07"]
[Round "6"]
[White "Bulski, Krzysztof"]
[Black "Owczarzak, Jerzy"]
[Result "1/2-1/2"]
[WhiteElo "2396"]
[BlackElo "2389"]
[PlyCount "110"]
[EventDate "2007.06.02"]
[EventType "swiss"]
[EventRounds "10"]
[EventCountry "POL"]
[SourceTitle "CBM 118 Extra"]
[Source "ChessBase"]
[SourceDate "2007.07.04"]
[SourceVersion "1"]
[SourceVersionDate "2007.07.04"]
[SourceQuality "1"]

1. d4 Nf6 2. c4 g6 3. Nc3 d5 4. Nf3 Bg7 5. Qb3 dxc4 6. Qxc4 0-0 7. e4 a6 8. e5 Nfd7 9. e6 fxe6 10. Qxe6+ Kh8 11. Qe4 c5 12. Qh4 Rxf3 13. gxf3 Nc6 14. Bh6 Bf6 15. Bg5 cxd4 16. Ne4 Qa5+ 17. Kd1 Bg7 18. Bd2 Qf5 19. Ng5 Nf8 20. Bc4 Ne5 21. Bd5 e6 22. Be4 Qf6 23. Rc1 Kg8 24. f4 Nc6 25. Nf3 Qf7 26. b3 a5 27. Qg3 Nd7 28. Ng5 Qe7 29. h4 Nf6 30. Bf3 a4 31. h5 axb3 32. axb3 Ra2 33. hxg6 h6 34. Nf7 Qa3 35. Ke1 Bd7 36. Nxh6+ Kf8 37. Ng4 Rxd2 38. Kxd2 Na5 39. Rcd1 Bb5 40. Be2 Qb4+ 41. Kc2 Bxe2 42. Nxf6 Bxf6 43. f5 d3+ 44. Rxd3 Bxd3+ 45. Qxd3 Qc5+ 46. Kb1 Qxf5 47. Qxf5 exf5 48. Rh7 Bd4 49. Rf7+ Kg8 50. Kc2 b6 51. Rxf5 Kg7 52. Kd3 Bc5 53. Kc3 Nc6 54. f3 Kxg6 55. Rd5 Kf6 1/2-1/2